000 00605nam a22001697a 4500
008 170814b xxu||||| |||| 00| 0 eng d
020 _a97105502326
082 _21997
_aDFil 959.9023
_bIl3
100 _922022
_aIleto, Reynaldo C.
245 _aPasyon and revolution:
_bpopular movements in the Philippines, 1840- 1910/
_cReynaldo C. Ileto.
260 _aQuezon City:
_bADMU Press,
_cc1997.
300 _axi, 280 pages;
_c23 cm.
500 _aIncludes appendices, bibliographical references and index.
650 0 _922023
_aPhilippines - History - 1840- 1910.
365 _aPhp.
_b330.00
942 _2ddc
_cDFIL
999 _c7270
_d7270